Experience of the Slovak Republic from membership in the European Union

Enregistré dans:
Détails bibliographiques
Auteur principal: Fábry, Branislav
Collectivité auteur: Univerzita Komenského v Bratislave. Právnická fakulta
Autres auteurs: Ivaničová, Zlatica, Kunová, Vlasta, Mokrá, Lucia, Pilát, Jaroslav, Trellová, Lívia, Vrabko, Marián, Cibulka, Ľubor, Miháliková, Silvia
Format: Livre
Langue:anglais
russe
Publié: Bratislava Comenius University Bratislava, Faculty of Law 2008
Sujets:
Tags: Ajouter un tag
Pas de tags, Soyez le premier à ajouter un tag!

MARC

LEADER 00000nam$a2200000$$$4500
001 0085035
005 20240627114554.2
020 |a 978-80-7160-260-6 
041 0 |a eng 
041 0 |a rus 
044 |a SK 
245 1 0 |a Experience of the Slovak Republic from membership in the European Union 
264 1 |a Bratislava  |b Comenius University Bratislava, Faculty of Law  |c 2008 
300 |a 300 s. 
500 |a Text v ruskom jazyku str. 165-300 
610 2 0 |a integrácia ekonomická medzinárodná 
610 2 0 |a Európska únia 
610 2 0 |a Slovensko 
610 2 0 |a právo medzinárodné 
610 2 0 |a reformy hospodárske 
610 2 0 |a reformy 
100 1 |a Fábry, Branislav 
700 1 |a Ivaničová, Zlatica 
700 1 |a Kunová, Vlasta 
700 1 |a Mokrá, Lucia 
700 1 |a Pilát, Jaroslav 
700 1 |a Trellová, Lívia 
700 1 |a Vrabko, Marián 
700 1 |a Cibulka, Ľubor 
700 1 |a Miháliková, Silvia 
710 2 |a Univerzita Komenského v Bratislave. Právnická fakulta